000
00289nam a22001097a 4500
040
_c
SCME
100
_a
Nazin.G.M
_9
122721
245
_a
Thermal Decomposition and Combustion of Explosive and Propellant
260
_a
New York
_b
Taylor & Francis
_c
2003
300
_a
362p.
942
_2
ddc
_c
BK
999
_c
609165
_d
609165